| 000 | 01497nam a2200373Ia 4500 | ||
|---|---|---|---|
| 001 | ebr10729683 | ||
| 003 | CaPaEBR | ||
| 006 | m o u | ||
| 007 | cr cn||||||||| | ||
| 008 | 110729s2012 nyua sb 001 0 eng d | ||
| 010 | _z 2011032450 | ||
| 020 | _z162100189X (softcover) | ||
| 020 | _z9781621001898 (softcover) | ||
| 020 | _z9781621003069 (ebook) | ||
| 040 |
_aCaPaEBR _cCaPaEBR |
||
| 035 | _a(OCoLC)852159172 | ||
| 050 | 1 | 4 |
_aRM340 _b.M66 2012eb |
| 082 | 0 | 4 |
_a615.1/9 _223 |
| 100 | 1 |
_aMoore, Gary, _cDr. |
|
| 245 | 1 | 0 |
_aWarfarin monitoring _h[electronic resource] : _bstandard practice and beyond / _cGary W. Moore, Graeme A. Thomson, and Dominic J. Harrington. |
| 260 |
_aNew York : _bNova Science Publishers, _cc2012. |
||
| 300 |
_aviii, 122 p. : _bill. |
||
| 490 | 1 | _aPharmacology-- research, safety testing, and regulation | |
| 504 | _aIncludes bibliographical references and index. | ||
| 533 |
_aElectronic reproduction. _bPalo Alto, Calif. : _cebrary, _d2013. _nAvailable via World Wide Web. _nAccess may be limited to ebrary affiliated libraries. |
||
| 650 | 0 | _aWarfarin. | |
| 650 | 0 | _aDrug monitoring. | |
| 655 | 7 |
_aElectronic books. _2local |
|
| 700 | 1 | _aHarrington, Dominic J. | |
| 700 | 1 |
_aThomson, Graeme, _d1959- |
|
| 710 | 2 | _aebrary, Inc. | |
| 830 | 0 | _aPharmacology-research, safety testing, and regulation series. | |
| 856 | 4 | 0 |
_uhttp://site.ebrary.com/lib/rucke/Doc?id=10729683 _zAn electronic book accessible through the World Wide Web; click to view |
| 999 |
_c37903 _d37903 |
||